<?xml version="1.0" encoding="UTF-8"?>
<record
    xmlns:xsi="http://www.w3.org/2001/XMLSchema-instance"
    xsi:schemaLocation="http://www.loc.gov/MARC21/slim http://www.loc.gov/standards/marcxml/schema/MARC21slim.xsd"
    xmlns="http://www.loc.gov/MARC21/slim">

  <leader>01717nam a2200505 i 4500</leader>
  <datafield tag="999" ind1=" " ind2=" ">
    <subfield code="c">175472</subfield>
    <subfield code="d">175472</subfield>
  </datafield>
  <controlfield tag="001">vtls000589503</controlfield>
  <controlfield tag="003">PNM</controlfield>
  <controlfield tag="005">20191216144711.0</controlfield>
  <controlfield tag="008">091007r20182010my a   e |    001 0 eng  </controlfield>
  <datafield tag="020" ind1=" " ind2=" ">
    <subfield code="a">9789675062353 </subfield>
    <subfield code="c">RM 60.00</subfield>
    <subfield code="q">paperback</subfield>
  </datafield>
  <datafield tag="039" ind1=" " ind2="9">
    <subfield code="a">201202291539</subfield>
    <subfield code="b">faezah</subfield>
    <subfield code="c">201202291535</subfield>
    <subfield code="d">faezah</subfield>
    <subfield code="c">201202281024</subfield>
    <subfield code="d">zuraidahs</subfield>
    <subfield code="c">200910130912</subfield>
    <subfield code="d">rosimah</subfield>
  </datafield>
  <datafield tag="040" ind1=" " ind2=" ">
    <subfield code="a">BNM</subfield>
    <subfield code="c">PNM</subfield>
    <subfield code="b">eng</subfield>
    <subfield code="d">PPAK</subfield>
    <subfield code="e">rda</subfield>
  </datafield>
  <datafield tag="049" ind1=" " ind2=" ">
    <subfield code="a">klpmal</subfield>
  </datafield>
  <datafield tag="082" ind1="0" ind2="4">
    <subfield code="a">297</subfield>
    <subfield code="2">23</subfield>
  </datafield>
  <datafield tag="090" ind1="0" ind2="0">
    <subfield code="a">297</subfield>
    <subfield code="b">QAR</subfield>
    <subfield code="d">G</subfield>
  </datafield>
  <datafield tag="100" ind1="1" ind2=" ">
    <subfield code="a">Qaradawi, Yusuf,</subfield>
    <subfield code="d">1926-</subfield>
  </datafield>
  <datafield tag="240" ind1=" " ind2=" ">
    <subfield code="a"> Madkhal li-ma&#x2BB;rifat al-Isl&#x101;m. English</subfield>
  </datafield>
  <datafield tag="245" ind1="1" ind2="0">
    <subfield code="a">ISLAM :</subfield>
    <subfield code="b">AN INTRODUCTION  /</subfield>
    <subfield code="c">Yusuf Al-Qaradawi; translated from Arabic by Syed Bashir Ahmad Kasmiri</subfield>
  </datafield>
  <datafield tag="264" ind1=" " ind2="1">
    <subfield code="a">Petaling Jaya :</subfield>
    <subfield code="b">Islamic Book Trust,</subfield>
    <subfield code="c">2010</subfield>
  </datafield>
  <datafield tag="300" ind1=" " ind2=" ">
    <subfield code="a">xiii, 392pages ;</subfield>
    <subfield code="c">22cm.</subfield>
  </datafield>
  <datafield tag="336" ind1=" " ind2=" ">
    <subfield code="a">text</subfield>
    <subfield code="2">rdacontent</subfield>
  </datafield>
  <datafield tag="337" ind1=" " ind2=" ">
    <subfield code="a">unmediated</subfield>
    <subfield code="2">rdamedia</subfield>
  </datafield>
  <datafield tag="338" ind1=" " ind2=" ">
    <subfield code="a">volume</subfield>
    <subfield code="2">rdacarrier</subfield>
  </datafield>
  <datafield tag="500" ind1=" " ind2=" ">
    <subfield code="a">Translation of: Madkhal li-ma&#x2BB;rifat al-Isl&#x101;m.
</subfield>
  </datafield>
  <datafield tag="500" ind1=" " ind2=" ">
    <subfield code="a">Translated from the Arabic.</subfield>
  </datafield>
  <datafield tag="500" ind1=" " ind2=" ">
    <subfield code="a">Includes index.</subfield>
  </datafield>
  <datafield tag="650" ind1="1" ind2="0">
    <subfield code="a">Islam</subfield>
  </datafield>
  <datafield tag="650" ind1="2" ind2="0">
    <subfield code="a">Islam</subfield>
    <subfield code="x">Doctrines</subfield>
  </datafield>
  <datafield tag="700" ind1="0" ind2=" ">
    <subfield code="a">Syed Bashir Ahmad Kasmiri</subfield>
  </datafield>
  <datafield tag="942" ind1=" " ind2=" ">
    <subfield code="2">ddc</subfield>
    <subfield code="c">B</subfield>
  </datafield>
  <datafield tag="949" ind1=" " ind2=" ">
    <subfield code="6">1000768425</subfield>
    <subfield code="a">297 QAR D</subfield>
  </datafield>
  <datafield tag="949" ind1=" " ind2=" ">
    <subfield code="6">1000768426</subfield>
    <subfield code="a">297 QAR D</subfield>
  </datafield>
  <datafield tag="949" ind1=" " ind2=" ">
    <subfield code="6">1000768427</subfield>
    <subfield code="a">297 QAR D</subfield>
  </datafield>
  <datafield tag="949" ind1=" " ind2=" ">
    <subfield code="6">1000768428</subfield>
    <subfield code="a">297 QAR D</subfield>
  </datafield>
  <datafield tag="949" ind1=" " ind2=" ">
    <subfield code="6">1000768429</subfield>
    <subfield code="a">297 QAR D</subfield>
  </datafield>
  <datafield tag="949" ind1=" " ind2=" ">
    <subfield code="6">1000768430</subfield>
    <subfield code="a">297 QAR D</subfield>
  </datafield>
  <datafield tag="949" ind1=" " ind2=" ">
    <subfield code="6">2000411408</subfield>
    <subfield code="e">1929091</subfield>
  </datafield>
  <datafield tag="949" ind1=" " ind2=" ">
    <subfield code="6">2000411409</subfield>
    <subfield code="e">1929090</subfield>
  </datafield>
  <datafield tag="949" ind1=" " ind2=" ">
    <subfield code="6">1000802293</subfield>
    <subfield code="a">297 QAR D</subfield>
    <subfield code="e">1929092</subfield>
  </datafield>
  <datafield tag="949" ind1=" " ind2=" ">
    <subfield code="6">1000802294</subfield>
    <subfield code="a">297 QAR D</subfield>
    <subfield code="e">1929093</subfield>
  </datafield>
  <datafield tag="949" ind1=" " ind2=" ">
    <subfield code="6">1000802295</subfield>
    <subfield code="a">297 QAR D</subfield>
    <subfield code="e">1929094</subfield>
  </datafield>
  <datafield tag="949" ind1=" " ind2=" ">
    <subfield code="6">1000802296</subfield>
    <subfield code="a">297 QAR D</subfield>
    <subfield code="e">1929095</subfield>
  </datafield>
  <datafield tag="949" ind1=" " ind2=" ">
    <subfield code="6">1000802297</subfield>
    <subfield code="a">297 QAR D</subfield>
    <subfield code="e">1929096</subfield>
  </datafield>
  <datafield tag="949" ind1=" " ind2=" ">
    <subfield code="6">1000802298</subfield>
    <subfield code="a">297 QAR D</subfield>
    <subfield code="e">1929097</subfield>
  </datafield>
  <datafield tag="952" ind1=" " ind2=" ">
    <subfield code="0">0</subfield>
    <subfield code="7">0</subfield>
    <subfield code="b">PPAK</subfield>
    <subfield code="c">G</subfield>
    <subfield code="d">2019-12-23</subfield>
    <subfield code="l">7</subfield>
    <subfield code="m">1</subfield>
    <subfield code="o">297 QAR</subfield>
    <subfield code="p">A01623508</subfield>
    <subfield code="r">2024-03-25 12:34:27</subfield>
    <subfield code="s">2024-03-16</subfield>
    <subfield code="y">B</subfield>
  </datafield>
  <datafield tag="952" ind1=" " ind2=" ">
    <subfield code="0">0</subfield>
    <subfield code="7">0</subfield>
    <subfield code="b">SP</subfield>
    <subfield code="c">G</subfield>
    <subfield code="d">2019-12-23</subfield>
    <subfield code="l">2</subfield>
    <subfield code="o">297 QAR</subfield>
    <subfield code="p">A01623509</subfield>
    <subfield code="r">2026-04-18 13:12:58</subfield>
    <subfield code="s">2026-04-04</subfield>
    <subfield code="y">B</subfield>
  </datafield>
  <datafield tag="952" ind1=" " ind2=" ">
    <subfield code="0">0</subfield>
    <subfield code="7">0</subfield>
    <subfield code="b">JT</subfield>
    <subfield code="c">G</subfield>
    <subfield code="d">2019-12-23</subfield>
    <subfield code="o">297 QAR</subfield>
    <subfield code="p">A01623510</subfield>
    <subfield code="r">2019-12-23 00:00:00</subfield>
    <subfield code="y">B</subfield>
  </datafield>
  <datafield tag="952" ind1=" " ind2=" ">
    <subfield code="0">0</subfield>
    <subfield code="7">0</subfield>
    <subfield code="b">LW</subfield>
    <subfield code="c">G</subfield>
    <subfield code="d">2019-12-23</subfield>
    <subfield code="l">1</subfield>
    <subfield code="o">297 QAR</subfield>
    <subfield code="p">A01623511</subfield>
    <subfield code="r">2025-09-02 15:26:53</subfield>
    <subfield code="s">2025-08-12</subfield>
    <subfield code="y">B</subfield>
  </datafield>
  <datafield tag="952" ind1=" " ind2=" ">
    <subfield code="0">0</subfield>
    <subfield code="7">0</subfield>
    <subfield code="b">KM</subfield>
    <subfield code="c">G</subfield>
    <subfield code="d">2019-12-23</subfield>
    <subfield code="l">1</subfield>
    <subfield code="o">297 QAR</subfield>
    <subfield code="p">A01623512</subfield>
    <subfield code="r">2022-07-06 00:00:00</subfield>
    <subfield code="s">2022-06-20</subfield>
    <subfield code="y">B</subfield>
  </datafield>
</record>
